Loading...
| Fine Arts - Visual | 0 | 2 | 0 | 0 | 20 | 85 | 89.50 | 0 | 1 | 6.67 | 15.56 |
| Geography/Current Events | 0 | 1 | 0 | 0 | 10 | 48 | 48.00 | 1 | 1 | 10.32 | 16.67 |
| Pop Culture | 0 | 1 | 0 | 0 | 10 | 100 | 100.00 | 0 | 0 | 29.58 | 70.00 |
| Literature - British | 0 | 1 | 0 | 0 | 10 | 68 | 68.00 | 0 | 1 | 5.68 | 8.89 |
| Mythology | 0 | 1 | 0 | 0 | 10 | 63 | 63.00 | 0 | 1 | 5.85 | 10.00 |
| Philosophy | 0 | 1 | 0 | 1 | 10 | 122 | 122.00 | 0 | 0 | 0.00 | 1.11 |
| Literature - American | 0 | 1 | 0 | 0 | 10 | 57 | 57.00 | 0 | 1 | 6.65 | 10.00 |
| Religion | 0 | 1 | 1 | 0 | 5 | 102 | 102.00 | 0 | 1 | 2.53 | 8.89 |
| Fine Arts - Other | 0 | 0 | 1 | 0 | -5 | 0.00 | 0 | 0 | 0.00 | 0.00 |